00230nam a2200109Ia 4500008004100000100001800041245001600059260000900075650001200084942000700096999001700103190216s9999||||xx |||||||||||||| ||und|| aAnanda Kuttan 0aKathanayika bNull aNadakam cBK c23605d23605